| 000 | 00680cam a2200241 4500500 | ||
|---|---|---|---|
| 005 | 20260405003523.0 | ||
| 041 | _afre | ||
| 042 | _adc | ||
| 100 | 1 | 0 |
_aN’Diaye, Aïda _eauthor |
| 245 | 0 | 0 | _aPeut-on être insensible à la beauté ? |
| 260 | _c2022. | ||
| 500 | _a66 | ||
| 690 | _aArtiste | ||
| 690 | _aBeauté | ||
| 690 | _aBourdieu | ||
| 690 | _aCulture | ||
| 690 | _aEsthétique | ||
| 690 | _aIndifférence | ||
| 690 | _aSensibilité | ||
| 690 | _aUtilité | ||
| 786 | 0 | _nPhilosophie magazine | 160 | 6 | 2022-06-01 | p. 48-48 | 1951-1787 | |
| 856 | 4 | 1 | _uhttps://shs.cairn.info/magazine-philosophie-magazine-2022-6-page-48?lang=fr&redirect-ssocas=7080 |
| 999 |
_c2068316 _d2068316 |
||